Handbook on the law of search and seizure (Record no. 493858)

000 -LEADER
fixed length control field 00392cam a22001097a 4500
008 - FIXED-LENGTH DATA ELEMENTS--GENERAL INFORMATION
fixed length control field 180718b1971 xxu||||| |||| 00| 0 eng d
082 ## - DEWEY DECIMAL CLASSIFICATION NUMBER
Classification number N22x73 Un3h
245 ## - TITLE STATEMENT
Title Handbook on the law of search and seizure
Statement of responsibility, etc. by Criminal Division, Department of Justice
260 ## - PUBLICATION, DISTRIBUTION, ETC.
Place of publication, distribution, etc. Washington, D. C.
Name of publisher, distributor, etc. U. S. Government Printing Office
Date of publication, distribution, etc. 1971
300 ## - PHYSICAL DESCRIPTION
Extent 54p.
700 ## - ADDED ENTRY--PERSONAL NAME
Personal name Criminal Division, Department of Justice
Holdings
Withdrawn status Lost status Damaged status Not for loan Permanent Location Current Location Date acquired Full call number Barcode Date last seen Price effective from Koha item type
        Indian Institute of Public Administration Indian Institute of Public Administration 2018-08-04 N22x73 Un3h GG15058 2018-08-04 2018-08-04 GG

Powered by Koha